| 000 | 00399 a2200133 4500 | ||
|---|---|---|---|
| 001 | 90546 | ||
| 082 | _aPR 942 | ||
| 090 |
_c42881 _d42881 |
||
| 100 | _aNadeem Tariq; Abdul Sattar Chandio; Zaffir; Asad; Sajid, advisors | ||
| 245 |
_aStress analysis on an F-6 aircraft tailplane _nG-25 |
||
| 260 |
_aKarachi _bNED University _c1987 |
||
| 300 |
_ax, 156 p. _bhand written |
||
| 500 | _aBE Project Reports | ||
| 942 |
_aCAE NUST _kPR 942 |
||
| 999 |
_c325619 _d325619 |
||